[Event "Sao Bento do Sul U2050 2nd"]
[Site "Sao Bento do Sul"]
[Date "2016.09.17"]
[Round "3.4"]
[White "Sprotte, Daniel Gustavo"]
[Black "Pereira, Geanfrancesco"]
[Result "0-1"]
[WhiteElo "1862"]
[BlackElo "1944"]
[PlyCount "100"]
[EventDate "2016.09.16"]
[EventType "swiss"]
[EventRounds "7"]
[EventCountry "BRA"]
[SourceTitle "EXT 2022"]
[Source "ChessBase"]
[SourceDate "2021.10.06"]
[SourceVersion "1"]
[SourceVersionDate "2021.10.06"]
[SourceQuality "1"]

1. e4 e5 2. Nf3 Nf6 3. Nxe5 d6 4. Nf3 Nxe4 5. d4 d5 6. Bd3 Bg4 7. h3 Bh5 8. 0-0 Be7 9. Re1 Nf6 10. Bf4 0-0 11. g4 Bg6 12. Ne5 Nc6 13. Nxc6 bxc6 14. Bxg6 fxg6 15. Nd2 Qd7 16. Be5 c5 17. Qe2 Rae8 18. Qa6 cxd4 19. Qxa7 c5 20. Qxd7 Nxd7 21. Bg3 c4 22. Rxe7 Rxe7 23. Rd1 Ra8 24. a3 Re2 25. Kf1 Rae8 26. a4 c3 27. bxc3 dxc3 28. Nb3 Rxc2 29. Rxd5 Nb6 30. Rd4 Rb2 31. Rb4 Nxa4 32. Rxa4 Rxb3 33. Rc4 g5 34. Rc7 h6 35. h4 gxh4 36. Bxh4 Re4 37. f3 Re3 38. Kf2 Rd3 39. Ke2 Rd2+ 40. Ke3 Rh2 41. Bg3 c2+ 42. Ke4 Re2+ 43. Kd4 Rxf3 44. Be5 g6 45. Kd5 Rf1 46. Rc8+ Rf8 47. Rc7 Rd8+ 48. Ke6 Re8+ 49. Kf6 R2xe5 50. Kxg6 R8e6# 0-1

[Event "Sao Bento do Sul U2050 2nd"]
[Site "Sao Bento do Sul"]
[Date "2016.09.16"]
[Round "1.17"]
[White "Sprotte, Daniel Gustavo"]
[Black "Lino, Tiffany Marcele"]
[Result "1-0"]
[WhiteElo "1862"]
[BlackElo "1301"]
[PlyCount "101"]
[EventDate "2016.09.16"]
[EventType "swiss"]
[EventRounds "7"]
[EventCountry "BRA"]
[SourceTitle "EXT 2022"]
[Source "ChessBase"]
[SourceDate "2021.10.06"]
[SourceVersion "1"]
[SourceVersionDate "2021.10.06"]
[SourceQuality "1"]

1. e4 c5 2. Nf3 e6 3. c3 a6 4. d4 cxd4 5. cxd4 g6 6. Nc3 Bg7 7. e5 Ne7 8. Ne4 Nf5 9. Bg5 Qa5+ 10. Qd2 Qxd2+ 11. Kxd2 0-0 12. g4 Nh6 13. Rg1 Kh8 14. Nd6 Nc6 15. Rc1 Ng8 16. Bd3 f6 17. exf6 Nxf6 18. Rg3 Nxg4 19. Rxg4 Rxf3 20. Ke2 Rh3 21. Be3 Rxh2 22. Kf3 Rh5 23. Nf7+ Kg8 24. Ng5 b5 25. Be4 Bxd4 26. Bxc6 Bxe3 27. Kxe3 dxc6 28. Rxc6 h6 29. Ne4 Rf5 30. Rxg6+ Kh7 31. Rg1 h5 32. Rc7+ Kh8 33. Rgg7 e5 34. Nd6 Rf4 35. Nxc8 Rxc8 36. Rh7+ Kg8 37. Rcg7+ Kf8 38. Ra7 Rg4 39. Rh8+ Rg8 40. Rxh5 Rc2 41. Rf5+ Ke8 42. Ra8+ Kd7 43. Rxg8 Rxb2 44. Rg6 Ke7 45. Rxe5+ Kf7 46. Ree6 Rb1 47. Rxa6 Rd1 48. Rgb6 Ke7 49. Ra7+ Rd7 50. Rxd7+ Kxd7 51. Rxb5 1-0

[Event "BRA-ch U26"]
[Site "Uberlandia"]
[Date "2015.10.17"]
[Round "4"]
[White "Sprotte, Daniel Gustavo"]
[Black "Nemeth Junior, Henrique"]
[Result "1/2-1/2"]
[WhiteElo "1853"]
[BlackElo "1979"]
[PlyCount "87"]
[EventDate "2015.10.15"]
[EventType "swiss"]
[EventRounds "7"]
[EventCountry "BRA"]
[SourceTitle "CBM 168 Extra"]
[Source "ChessBase"]
[SourceDate "2015.10.29"]
[SourceVersion "1"]
[SourceVersionDate "2015.10.29"]
[SourceQuality "1"]

1. e4 c5 2. Nf3 Nc6 3. Bb5 g6 4. d4 cxd4 5. Bxc6 dxc6 6. Qxd4 Qxd4 7. Nxd4 Bg7 8. c3 Bd7 9. Be3 0-0-0 10. Nd2 Nf6 11. 0-0-0 Ng4 12. Nc2 Nxe3 13. Nxe3 Kc7 14. Kc2 b5 15. a4 b4 16. cxb4 Rb8 17. b5 cxb5 18. Nd5+ Kd8 19. a5 e6 20. Nb4 Rc8+ 21. Kb3 Ke7 22. f4 Rhd8 23. e5 f6 24. exf6+ Bxf6 25. Ne4 Rc4 26. Nxf6 Kxf6 27. Rd6 Ke7 28. Rhd1 Rxf4 29. Nc6+ Bxc6 30. Rxd8 Bd5+ 31. R8xd5 exd5 32. Rxd5 a6 33. Kc3 Rc4+ 34. Kd3 Ra4 35. Rc5 Kf7 36. Rc7+ Kg8 37. b4 Rxb4 38. Ra7 Rb2 39. Rxa6 Rxg2 40. Rb6 Rxh2 41. Rxb5 Ra2 42. Kc4 h5 43. Kb3 Ra1 44. Kb2 1/2-1/2

[Event "BRA-ch U26"]
[Site "Uberlandia"]
[Date "2015.10.16"]
[Round "3"]
[White "Cardoso, Max Wesley Santos"]
[Black "Sprotte, Daniel Gustavo"]
[Result "0-1"]
[WhiteElo "1786"]
[BlackElo "1853"]
[PlyCount "70"]
[EventDate "2015.10.15"]
[EventType "swiss"]
[EventRounds "7"]
[EventCountry "BRA"]
[SourceTitle "CBM 168 Extra"]
[Source "ChessBase"]
[SourceDate "2015.10.29"]
[SourceVersion "1"]
[SourceVersionDate "2015.10.29"]
[SourceQuality "1"]

1. d4 Nf6 2. c4 g6 3. Nc3 d5 4. cxd5 Nxd5 5. e4 Nxc3 6. bxc3 c5 7. Nf3 Bg7 8. Bc4 0-0 9. 0-0 cxd4 10. cxd4 Nc6 11. e5 Bg4 12. Bb2 Rc8 13. Be2 Qb6 14. Rb1 Rfd8 15. Qa4 Bf5 16. Ba3 Bxb1 17. Bc5 Qb2 18. Bc4 Bc2 19. Bxf7+ Kh8 20. Qc4 b6 21. Be6 Nxe5 22. Nxe5 Bxe5 23. Bxc8 bxc5 24. dxe5 Bd3 25. Qc1 Qxc1 26. Rxc1 Rxc8 27. f4 c4 28. Kf2 Rb8 29. g4 Rb2+ 30. Kg3 Rxa2 31. h4 a5 32. h5 gxh5 33. gxh5 Kg7 34. f5 Re2 35. Rg1 Rxe5 0-1

[Event "Sao Bento do Sul op 5th"]
[Site "Sao Bento do Sul"]
[Date "2015.09.06"]
[Round "6"]
[White "De Oliveira, Gustavo Alfredo Bue"]
[Black "Sprotte, Daniel Gustavo"]
[Result "1/2-1/2"]
[WhiteElo "1553"]
[BlackElo "1894"]
[PlyCount "92"]
[EventDate "2015.09.04"]
[EventType "swiss"]
[EventRounds "6"]
[EventCountry "BRA"]
[SourceTitle "EXT 2016"]
[Source "ChessBase"]
[SourceDate "2015.10.08"]
[SourceVersion "1"]
[SourceVersionDate "2015.10.08"]
[SourceQuality "1"]

1. d4 Nf6 2. Nf3 c5 3. c3 d5 4. e3 Bf5 5. g3 Nc6 6. Bg2 e6 7. 0-0 c4 8. Re1 h6 9. Ne5 Bd6 10. f4 0-0 11. Nd2 Nd7 12. e4 dxe4 13. Nexc4 Nf6 14. Nxd6 Qxd6 15. Nxe4 Nxe4 16. Bxe4 Bxe4 17. Rxe4 Qd5 18. Re2 b5 19. Be3 Rac8 20. a3 Na5 21. Bf2 f6 22. Qd3 Nc4 23. a4 a6 24. axb5 axb5 25. Ra6 Rfe8 26. Qc2 Ra8 27. Rxa8 Rxa8 28. b3 Na5 29. Qe4 Qxe4 30. Rxe4 Kf7 31. d5 exd5 32. Rd4 Ke6 33. b4 Nc4 34. Rd1 Ra3 35. Bd4 Kf5 36. Re1 Nd2 37. Kg2 Ne4 38. Kf3 Nxc3 39. g4+ Kg6 40. g5 Kf7 41. Re3 Nb1 42. Rxa3 Nxa3 43. Bc5 Nc4 44. Ke2 Ne5 45. h3 g6 46. Ke3 Nc6 1/2-1/2

[Event "Sao Bento do Sul op 5th"]
[Site "Sao Bento do Sul"]
[Date "2015.09.04"]
[Round "2"]
[White "Campagnolo, Fabiola"]
[Black "Sprotte, Daniel Gustavo"]
[Result "1-0"]
[WhiteElo "1677"]
[BlackElo "1894"]
[PlyCount "71"]
[EventDate "2015.09.04"]
[EventType "swiss"]
[EventRounds "6"]
[EventCountry "BRA"]
[SourceTitle "EXT 2016"]
[Source "ChessBase"]
[SourceDate "2015.10.08"]
[SourceVersion "1"]
[SourceVersionDate "2015.10.08"]
[SourceQuality "1"]

1. e4 c5 2. Nf3 Nc6 3. d4 cxd4 4. Nxd4 Nf6 5. f3 e5 6. Nb5 d5 7. exd5 Nxd5 8. Qxd5 Qb6 9. N1c3 Be6 10. Qe4 f5 11. Qe2 Bc5 12. Na4 Qa5+ 13. Nbc3 Bb4 14. Qb5 Qc7 15. Nc5 Bd5 16. Bd2 0-0-0 17. 0-0-0 Bf7 18. a3 Ba5 19. Bc4 Bb6 20. Ne6 Bxe6 21. Bxe6+ Kb8 22. Nd5 Qd6 23. Nxb6 Qxe6 24. Na4 Nd4 25. Nc5 Qd5 26. Na6+ Kc8 27. Qxd5 Rxd5 28. Nb4 Rd6 29. Be3 a5 30. Bxd4 exd4 31. Nd3 Kd7 32. Rhe1 Rc8 33. Ne5+ Kc7 34. Nc4 Rd5 35. Re5 Rd7 36. Rc5+ 1-0

[Event "Santa Catarina State-ch sf1 61st"]
[Site "Sao Bento do Sul"]
[Date "2015.03.08"]
[Round "5"]
[White "Starke, Bruno Orlando"]
[Black "Sprotte, Daniel Gustavo"]
[Result "1-0"]
[WhiteElo "2132"]
[BlackElo "1897"]
[PlyCount "53"]
[EventDate "2015.03.06"]
[EventType "swiss"]
[EventRounds "6"]
[EventCountry "BRA"]
[SourceTitle "EXT 2016"]
[Source "ChessBase"]
[SourceDate "2015.10.08"]
[SourceVersion "1"]
[SourceVersionDate "2015.10.08"]
[SourceQuality "1"]

1. Nf3 Nf6 2. c4 e6 3. d4 d5 4. Nc3 dxc4 5. e3 a6 6. a4 Bb4 7. Bxc4 0-0 8. 0-0 c5 9. Na2 b5 10. Be2 bxa4 11. Qxa4 Bd7 12. Qb3 a5 13. Nxb4 cxb4 14. Bd2 Nc6 15. Rfc1 a4 16. Qd3 Qb6 17. e4 Na5 18. e5 Nd5 19. Ng5 f5 20. exf6 Nxf6 21. Bd1 b3 22. Rc5 h6 23. Nf3 Nb7 24. Ne5 Nd5 25. Bxh6 Bb5 26. Qg6 Rf7 27. Ng4 1-0

[Event "Catarinense-ch"]
[Site "Jaragua do Sul"]
[Date "2015.03.??"]
[Round "2"]
[White "Bastos, Guilherme Exterhott"]
[Black "Sprotte, Daniel Gustavo"]
[Result "0-1"]
[WhiteElo "1968"]
[BlackElo "1897"]
[PlyCount "110"]
[EventDate "2015.03.27"]
[EventType "swiss"]
[EventRounds "6"]
[EventCountry "BRA"]
[SourceTitle "EXT 2022"]
[Source "ChessBase"]
[SourceDate "2021.10.06"]
[SourceVersion "1"]
[SourceVersionDate "2021.10.06"]
[SourceQuality "1"]

1. d4 Nf6 2. Nf3 c5 3. c3 d5 4. Bf4 Qb6 5. Qb3 c4 6. Qxb6 axb6 7. Nbd2 Bf5 8. Nh4 Bd7 9. e4 e6 10. exd5 exd5 11. a3 Nc6 12. 0-0-0 Be7 13. Nhf3 0-0 14. h3 Bf5 15. g4 Bg6 16. Nh4 Ne4 17. Nxg6 fxg6 18. Nxe4 Rxf4 19. Nd2 Rxf2 20. h4 Bd6 21. Bh3 Re8 22. Rhf1 Rh2 23. Rf3 Na5 24. Nf1 Rhe2 25. Nd2 Nb3+ 26. Nxb3 cxb3 27. Bf1 Rh2 28. Rh3 Rc2+ 29. Kb1 Rf8 30. Bd3 Rg2 31. Bf1 Rxg4 32. c4 Rff4 33. Rxb3 Rxd4 34. Rxd4 Rxd4 35. Rxb6 dxc4 36. Bxc4+ Rxc4 37. Rxd6 Rxh4 38. Rd7 b5 39. Rb7 Rh5 40. Kc2 Rf5 41. Kd3 h5 42. Ke4 h4 43. Rc7 Rf2 44. b4 g5 45. Rc8+ Kf7 46. Rc7+ Kg6 47. Rc6+ Kh5 48. Ke3 Ra2 49. Rc5 Rxa3+ 50. Kf2 Kg4 51. Rxb5 Rb3 52. Rb7 h3 53. Rxg7 Rxb4 54. Kg1 Rb2 55. Rc7 Kh4 0-1

[Event "Catarinense-ch"]
[Site "Jaragua do Sul"]
[Date "2015.03.??"]
[Round "3"]
[White "Sprotte, Daniel Gustavo"]
[Black "Horst, Rodrigo"]
[Result "1-0"]
[WhiteElo "1897"]
[BlackElo "1889"]
[PlyCount "86"]
[EventDate "2015.03.27"]
[EventType "swiss"]
[EventRounds "6"]
[EventCountry "BRA"]
[SourceTitle "EXT 2022"]
[Source "ChessBase"]
[SourceDate "2021.10.06"]
[SourceVersion "1"]
[SourceVersionDate "2021.10.06"]
[SourceQuality "1"]

1. e4 d6 2. d4 e6 3. c4 b6 4. Nc3 Nd7 5. g3 Bb7 6. Bg2 g6 7. Nge2 Bg7 8. 0-0 Ne7 9. f4 0-0 10. d5 e5 11. h3 f5 12. Be3 h6 13. Qd2 Kh7 14. b3 a6 15. Rad1 Rf7 16. fxe5 dxe5 17. d6 Nc6 18. dxc7 Qxc7 19. Nd5 Qd8 20. Nxb6 Nxb6 21. Qxd8 Rxd8 22. Rxd8 Nxd8 23. Bxb6 Nc6 24. exf5 gxf5 25. g4 f4 26. Be4+ Kh8 27. Bf5 Ne7 28. Bc2 Rf6 29. Bc5 Bf8 30. Nc3 Nc6 31. Bxf8 Rxf8 32. Be4 Ba8 33. Rd1 Nd4 34. Bxa8 Rxa8 35. Kf2 f3 36. Nd5 Kg7 37. c5 Rf8 38. Nc7 Rf4 39. Rxd4 Rf7 40. Ne6+ Kf6 41. Rd6 Ke7 42. Nc7 e4 43. Nd5+ Kf8 1-0

[Event "Catarinense-ch"]
[Site "Jaragua do Sul"]
[Date "2015.03.??"]
[Round "4"]
[White "Starke, Bruno Orlando"]
[Black "Sprotte, Daniel Gustavo"]
[Result "1-0"]
[WhiteElo "2132"]
[BlackElo "1897"]
[PlyCount "119"]
[EventDate "2015.03.27"]
[EventType "swiss"]
[EventRounds "6"]
[EventCountry "BRA"]
[SourceTitle "EXT 2022"]
[Source "ChessBase"]
[SourceDate "2021.10.06"]
[SourceVersion "1"]
[SourceVersionDate "2021.10.06"]
[SourceQuality "1"]

1. Nf3 Nf6 2. c4 g6 3. Nc3 Bg7 4. g3 d5 5. cxd5 Nxd5 6. d4 Nb6 7. Bg2 0-0 8. 0-0 Nc6 9. d5 Ne5 10. Nd4 Nec4 11. e3 e5 12. dxe6 fxe6 13. Qe2 e5 14. Nb3 c6 15. a4 Be6 16. Nc5 Bf7 17. Nxb7 Qe7 18. Bxc6 Rac8 19. Bg2 e4 20. Nxe4 Bd5 21. Nbc5 Na5 22. Qb5 Nc6 23. Nd2 Bxg2 24. Kxg2 Rf5 25. Qb3+ Kh8 26. Nd3 Na5 27. Qb4 Qd7 28. Nf4 Nc6 29. Qe4 Re5 30. Qd3 Qb7 31. Kg1 Rd8 32. Qb3 Na5 33. Qa2 Nc6 34. Nc4 Nxc4 35. Qxc4 Na5 36. Qe2 Nb3 37. Rd1 Nd4 38. Rxd4 Rxd4 39. b3 Rb4 40. Bb2 Re8 41. Bxg7+ Qxg7 42. Rd1 Rxb3 43. Qc4 Rc3 44. Qb5 Qe5 45. Qxe5+ Rxe5 46. Rd8+ Kg7 47. Rd7+ Kh6 48. Rxa7 Ra3 49. h4 Re4 50. g4 g5 51. hxg5+ Kxg5 52. Rg7+ Kh4 53. Kh2 Rxf4 54. exf4 Rxa4 55. f5 h5 56. g5 Rf4 57. f6 Rxf2+ 58. Kg1 Kg3 59. f7 h4 60. g6 1-0

[Event "Santa Catarina State-ch sf2 60th"]
[Site "Sao Bento do Sul"]
[Date "2014.04.06"]
[Round "5"]
[White "Mafra, Kaiser Luiz"]
[Black "Sprotte, Daniel Gustavo"]
[Result "1/2-1/2"]
[WhiteElo "2183"]
[BlackElo "1890"]
[PlyCount "75"]
[EventDate "2014.04.04"]
[EventType "swiss"]
[EventRounds "6"]
[EventCountry "BRA"]
[SourceTitle "CBM 160 Extra"]
[Source "ChessBase"]
[SourceDate "2014.07.01"]
[SourceVersion "1"]
[SourceVersionDate "2014.07.01"]
[SourceQuality "1"]

1. e4 c5 2. Nc3 Nc6 3. f4 e6 4. Nf3 g6 5. Bc4 Bg7 6. 0-0 Nge7 7. Qe1 0-0 8. d3 d5 9. Bb3 Rb8 10. f5 b5 11. Qh4 exf5 12. Bh6 c4 13. Ng5 f6 14. Bxg7 fxg5 15. Qh6 Rf7 16. exd5 cxb3 17. Ne4 Rxg7 18. Nf6+ Kh8 19. Rae1 Ne5 20. d6 Qxd6 21. Qxg7+ Kxg7 22. Ne8+ Kf8 23. Nxd6 Nf7 24. Nxf7 Kxf7 25. axb3 Be6 26. Ra1 Rb7 27. Rfe1 Rc7 28. c4 bxc4 29. bxc4 Rb7 30. Ra6 Bc8 31. b4 Rxb4 32. Rxa7 Bb7 33. Rea1 Nc6 34. R7a4 Rb3 35. R4a3 Rb2 36. R3a2 Rb3 37. Ra3 Rb2 38. R3a2 1/2-1/2

[Event "Santa Catarina State-ch sf2 60th"]
[Site "Sao Bento do Sul"]
[Date "2014.04.05"]
[Round "4"]
[White "Sprotte, Daniel Gustavo"]
[Black "Delgado Ramirez, Neuris"]
[Result "0-1"]
[WhiteElo "1890"]
[BlackElo "2585"]
[PlyCount "88"]
[EventDate "2014.04.04"]
[EventType "swiss"]
[EventRounds "6"]
[EventCountry "BRA"]
[SourceTitle "CBM 160 Extra"]
[Source "ChessBase"]
[SourceDate "2014.07.01"]
[SourceVersion "1"]
[SourceVersionDate "2014.07.01"]
[SourceQuality "1"]

1. e4 c5 2. Nf3 d6 3. d4 cxd4 4. Nxd4 Nf6 5. Nc3 a6 6. Bg5 e6 7. f4 h6 8. Bh4 Nbd7 9. Qf3 e5 10. Bxf6 Nxf6 11. Nf5 exf4 12. Qxf4 g6 13. Ne3 h5 14. Ned5 Nxd5 15. Nxd5 Bg7 16. Bc4 Be6 17. c3 Be5 18. Qf2 Rc8 19. Bb3 0-0 20. 0-0 Kg7 21. Nb6 Rc7 22. Rad1 Bg4 23. Rd5 Qe7 24. h3 Be6 25. Rd2 Rc5 26. Bxe6 Qxe6 27. Nd5 Rc4 28. Re1 b5 29. Nf4 Bxf4 30. Qxf4 d5 31. Rde2 Re8 32. Qd2 Rxe4 33. Rxe4 dxe4 34. Qd4+ Kh7 35. a3 a5 36. a4 bxa4 37. Qxa4 e3 38. Qd4 g5 39. b4 f5 40. Kf1 f4 41. Ra1 f3 42. Qd3+ Kh6 43. gxf3 Qxh3+ 44. Ke1 Qg3+ 0-1

[Event "Sao Bento do Sul op"]
[Site "Sao Bento do Sul"]
[Date "2013.06.28"]
[Round "2"]
[White "Dias, Anderson Tatsch"]
[Black "Sprotte, Daniel Gustavo"]
[Result "1-0"]
[WhiteElo "2232"]
[BlackElo "1900"]
[PlyCount "79"]
[EventDate "2013.06.28"]
[EventType "swiss"]
[EventRounds "6"]
[EventCountry "BRA"]
[SourceTitle "EXT 2014"]
[Source "ChessBase"]
[SourceDate "2013.11.20"]
[SourceVersion "1"]
[SourceVersionDate "2013.11.20"]
[SourceQuality "1"]

1. d4 Nf6 2. c4 g6 3. f3 d6 4. e4 e5 5. d5 Nfd7 6. g3 Bg7 7. Nc3 a5 8. Be3 0-0 9. Qd2 f5 10. Bd3 Na6 11. a3 Ndc5 12. Bc2 Bd7 13. 0-0-0 Qe8 14. h4 b5 15. cxb5 Bxb5 16. h5 Bd3 17. Qh2 Bxc2 18. Kxc2 fxe4 19. fxe4 Nxe4 20. Nge2 Nxc3 21. Nxc3 Rf3 22. h6 Bh8 23. Rhe1 e4 24. Bd4 Bxd4 25. Rxd4 e3 26. Rf4 Rxf4 27. gxf4 Qf7 28. Rxe3 Rf8 29. Qe2 Qf5+ 30. Qd3 Qxd3+ 31. Kxd3 Nc5+ 32. Kc4 Rxf4+ 33. Kb5 Rh4 34. Kxa5 Rxh6 35. Kb5 g5 36. a4 Nb3 37. a5 Nd4+ 38. Kc4 Rh4 39. a6 Nc6+ 40. Re4 1-0

[Event "Catarinense-ch U20"]
[Site "Concordia"]
[Date "2013.05.19"]
[Round "5"]
[White "Sprotte, Daniel Gustavo"]
[Black "Borges, Leonardo Fernandes"]
[Result "0-1"]
[WhiteElo "1900"]
[BlackElo "1797"]
[PlyCount "72"]
[EventDate "2013.05.17"]
[EventType "swiss"]
[EventRounds "6"]
[EventCountry "BRA"]
[SourceTitle "EXT 2015"]
[Source "ChessBase"]
[SourceDate "2014.11.20"]
[SourceVersion "1"]
[SourceVersionDate "2014.11.20"]
[SourceQuality "1"]

1. e4 Nf6 2. d3 e5 3. Nf3 Nc6 4. g3 Bc5 5. Bg2 0-0 6. 0-0 d6 7. c3 Bg4 8. Nbd2 d5 9. Qe2 d4 10. h3 dxc3 11. bxc3 Bxf3 12. Nxf3 Qd7 13. Rd1 Rad8 14. Bg5 Qe6 15. Rab1 Bb6 16. Nh4 h6 17. Bxf6 Qxf6 18. Nf5 Ne7 19. g4 Nxf5 20. gxf5 g6 21. Kh1 Kh7 22. Rb2 Rd6 23. f4 gxf5 24. fxe5 Qxe5 25. d4 Qg3 26. Rd3 Qg5 27. exf5 Rg8 28. Re3 Rd7 29. Rb5 f6 30. Qf2 c6 31. Rb1 c5 32. Qd2 cxd4 33. cxd4 Rgg7 34. Rd1 Rxd4 35. Ree1 Ba5 36. Rf1 Rxd2 0-1

[Event "Catarinense-ch U20"]
[Site "Concordia"]
[Date "2013.05.18"]
[Round "2"]
[White "De Oliveira, Icaro Jesus"]
[Black "Sprotte, Daniel Gustavo"]
[Result "0-1"]
[WhiteElo "1809"]
[BlackElo "1900"]
[PlyCount "52"]
[EventDate "2013.05.17"]
[EventType "swiss"]
[EventRounds "6"]
[EventCountry "BRA"]
[SourceTitle "EXT 2015"]
[Source "ChessBase"]
[SourceDate "2014.11.20"]
[SourceVersion "1"]
[SourceVersionDate "2014.11.20"]
[SourceQuality "1"]

1. d4 Nf6 2. c4 g6 3. Nc3 Bg7 4. e4 0-0 5. Nf3 d6 6. Be2 e5 7. 0-0 Nbd7 8. Be3 exd4 9. Nxd4 Re8 10. Qc2 Qe7 11. Bf3 Ne5 12. Nd5 Nxd5 13. cxd5 Nxf3+ 14. Nxf3 Qxe4 15. Qxc7 Qxd5 16. Rad1 Qxa2 17. Rxd6 Qxb2 18. Rfd1 Be6 19. h3 Rac8 20. Rd8 Qb5 21. Rxc8 Rxc8 22. Qxc8+ Bxc8 23. Rd8+ Bf8 24. Bh6 Qc5 25. Ng5 Qc1+ 26. Kh2 Qc7+ 0-1

[Event "Catarinense-ch 58th"]
[Site "Florianopolis"]
[Date "2013.03.28"]
[Round "1"]
[White "Cordeiro, Marco Aurelio Zaror"]
[Black "Sprotte, Daniel Gustavo"]
[Result "1-0"]
[WhiteElo "2232"]
[BlackElo "1878"]
[PlyCount "67"]
[EventDate "2013.03.28"]
[EventType "swiss"]
[EventRounds "7"]
[EventCountry "BRA"]
[SourceTitle "CBM 153 Extra"]
[Source "ChessBase"]
[SourceDate "2013.04.22"]
[SourceVersion "1"]
[SourceVersionDate "2013.04.22"]
[SourceQuality "1"]

1. e4 c5 2. Nc3 Nc6 3. f4 e6 4. Nf3 Nge7 5. Bc4 g6 6. 0-0 Bg7 7. d3 0-0 8. Kh1 d6 9. Qe1 Rb8 10. f5 exf5 11. Qh4 h5 12. Bg5 Be6 13. Nd5 f6 14. Nxf6+ Bxf6 15. Bxe6+ Kg7 16. exf5 Nxf5 17. Bxf5 Bxg5 18. Nxg5 Kh6 19. Bxg6 Rxf1+ 20. Rxf1 Qxg5 21. Qxg5+ Kxg5 22. Be4 Nb4 23. c3 d5 24. Rf5+ Kh6 25. Bf3 Re8 26. Rxh5+ Kg6 27. h3 Nxd3 28. Rxd5 Re1+ 29. Kh2 c4 30. b3 Nc1 31. bxc4 Nxa2 32. Ra5 Nxc3 33. Rxa7 b6 34. Ra6 1-0

[Event "Blumenau Santa Catarina Cup"]
[Site "Blumenau"]
[Date "2013.02.09"]
[Round "2"]
[White "Sprotte, Daniel Gustavo"]
[Black "Cordeiro, Marco Aurelio Zaror"]
[Result "0-1"]
[WhiteElo "1874"]
[BlackElo "2215"]
[PlyCount "61"]
[EventDate "2013.02.08"]
[EventType "swiss"]
[EventRounds "6"]
[EventCountry "BRA"]
[SourceTitle "CBM 152 Extra"]
[Source "ChessBase"]
[SourceDate "2013.02.25"]
[SourceVersion "1"]
[SourceVersionDate "2013.02.25"]
[SourceQuality "1"]

1. e4 Nf6 2. e5 Nd5 3. d4 Nb6 4. Nf3 d5 5. exd6 cxd6 6. c3 g6 7. Be2 Bg7 8. 0-0 0-0 9. Bf4 Nc6 10. Na3 e5 11. dxe5 dxe5 12. Bg5 f6 13. Qb3+ Qd5 14. c4 Qf7 15. Be3 Be6 16. Qc2 Rad8 17. Rad1 Nc8 18. Bc5 Rfe8 19. Nb5 a6 20. Nd6 Nxd6 21. Bxd6 e4 22. Ne1 f5 23. Bc5 Rxd1 24. Qxd1 Bxb2 25. Qd2 Bf6 26. Qc1 Na5 27. f3 Bxc4 28. Bxc4 Qxc4 29. Qxc4+ Nxc4 30. fxe4 Nd2 31. exf5 0-1

[Event "Blumenau Santa Catarina Cup"]
[Site "Blumenau"]
[Date "2013.02.08"]
[Round "1"]
[White "De Borba, Gabriel"]
[Black "Sprotte, Daniel Gustavo"]
[Result "0-1"]
[WhiteElo "1815"]
[BlackElo "1874"]
[PlyCount "62"]
[EventDate "2013.02.08"]
[EventType "swiss"]
[EventRounds "6"]
[EventCountry "BRA"]
[SourceTitle "CBM 152 Extra"]
[Source "ChessBase"]
[SourceDate "2013.02.25"]
[SourceVersion "1"]
[SourceVersionDate "2013.02.25"]
[SourceQuality "1"]

1. e4 c5 2. Nf3 Nc6 3. d4 cxd4 4. Nxd4 Nf6 5. Nc3 e6 6. Be3 Bb4 7. Bd3 d5 8. exd5 Nxd5 9. Bd2 Nxd4 10. 0-0 Bxc3 11. bxc3 Nc6 12. Re1 Qf6 13. c4 Nf4 14. Be4 0-0 15. Qf3 Ng6 16. Bxc6 bxc6 17. Qxc6 Rb8 18. Qe4 Bb7 19. Qe3 Nh4 20. f3 Qg6 21. Qf2 Nxf3+ 22. Kh1 Nxe1 23. Rxe1 Qxc2 24. a3 Rbd8 25. Re2 Qd1+ 26. Be1 Ba6 27. Re4 Qd3 28. Re3 Qxc4 29. Kg1 Rd1 30. h3 Rfd8 31. Rf3 Qe2 0-1

[Event "BRA-ch U18"]
[Site "Sao Paulo"]
[Date "2012.05.01"]
[Round "7"]
[White "Jordao Barbosa, Marcio Ferre"]
[Black "Sprotte, Daniel Gustavo"]
[Result "1-0"]
[WhiteElo "1839"]
[BlackElo "1786"]
[PlyCount "88"]
[EventDate "2012.04.28"]
[EventType "swiss"]
[EventRounds "7"]
[EventCountry "BRA"]
[SourceTitle "CBM 148 Extra"]
[Source "ChessBase"]
[SourceDate "2012.06.22"]
[SourceVersion "1"]
[SourceVersionDate "2012.06.22"]
[SourceQuality "1"]

1. e4 c5 2. Nf3 d6 3. d4 cxd4 4. Nxd4 Nf6 5. Nc3 g6 6. Bc4 Nc6 7. Be3 Bg7 8. Bb3 Ng4 9. Nxc6 bxc6 10. Bd2 Qb6 11. Qf3 0-0 12. h3 Ne5 13. Qg3 Ba6 14. Qh4 Bf6 15. Bg5 Nc4 16. Bxf6 exf6 17. 0-0-0 Rab8 18. Qxf6 c5 19. h4 Qd8 20. Nd5 Re8 21. Qxd8 Rexd8 22. Ne7+ Kf8 23. Nc6 Rbc8 24. Nxd8 Rxd8 25. Bxc4 Bxc4 26. b3 Bb5 27. Rd2 Ke7 28. c4 Bc6 29. Re1 f6 30. f4 Ke6 31. g4 Rd7 32. Re3 a5 33. Kd1 a4 34. bxa4 Bxa4+ 35. Kc1 Bc6 36. Rb2 Ra7 37. Rb6 Kd7 38. e5 fxe5 39. fxe5 dxe5 40. Rxe5 Kd6 41. Re2 Rf7 42. Rb3 Rf4 43. Rd3+ Kc7 44. Re7+ Kb6 1-0

[Event "BRA-ch U18"]
[Site "Sao Paulo"]
[Date "2012.04.30"]
[Round "5"]
[White "Sprotte, Daniel Gustavo"]
[Black "Vescovi, Katherine Lemos"]
[Result "0-1"]
[WhiteElo "1786"]
[BlackElo "1706"]
[PlyCount "92"]
[EventDate "2012.04.28"]
[EventType "swiss"]
[EventRounds "7"]
[EventCountry "BRA"]
[SourceTitle "CBM 148 Extra"]
[Source "ChessBase"]
[SourceDate "2012.06.22"]
[SourceVersion "1"]
[SourceVersionDate "2012.06.22"]
[SourceQuality "1"]

1. e4 c5 2. Nf3 d6 3. d4 cxd4 4. Nxd4 Nf6 5. Nc3 a6 6. Bc4 e6 7. Bb3 b5 8. Qf3 Bb7 9. Bg5 Be7 10. 0-0 b4 11. Bxf6 Bxf6 12. Nce2 Qb6 13. c3 Nd7 14. Rfe1 Nc5 15. Bc2 0-0 16. cxb4 Qxb4 17. a3 Qb6 18. b4 Nd7 19. Rad1 Ne5 20. Qg3 Nc4 21. Kh1 Nb2 22. Rd2 Nc4 23. Rd3 Bxe4 24. Rdd1 Bxc2 25. Nxc2 d5 26. Nf4 Be5 27. Qg4 Qxf2 28. Nh5 g6 29. Re2 Qf5 30. Qxf5 gxf5 31. Ne3 Nxe3 32. Rxe3 f6 33. g3 Kf7 34. a4 Rab8 35. Rb3 Rfc8 36. Rdb1 Rc4 37. a5 Rb5 38. Kg2 Kg6 39. Nf4+ Bxf4 40. gxf4 Rxf4 41. Kh3 Rc4 42. R1b2 e5 43. Rg3+ Kf7 44. Rbg2 Rcxb4 45. Rg7+ Ke6 46. Rxh7 Rxa5 0-1